[Event "Tourn. n9696"]
[Site "www.chess-mail.com"]
[Date "2018.03.12"]
[Round "1"]
[White "Dussek"]
[Black "Passaroa25"]
[WhiteElo "1800"]
[BlackElo "1670"]
[Result "1-0"]
[Round "1"]
1.e4 Nb8c6
2.Ng1f3 d6
3.Bf1b5 Bc8d7
4.O-O e5
5.Nb1c3 h6
6.d3 Bd7e6
7.b3 Ng8e7
8.Bc1b2 f6
9.Nc3d5 Ne7xd5
10.exd5 Be6xd5
11.Rf1e1 Bf8e7
12.c4 Bd5f7
13.d4 O-O
14.d5 Nc6d4
15.Nf3xd4 exd4
16.Bb2xd4 g5
17.Qd1e2 a6
18.Qe2xe7 Qd8xe7
19.Re1xe7 axb5
20.Bd4xf6 Ra8c8
21.Ra1e1 b4
22.Re7d7 Bf7e8
23.Rd7g7 Kh8
24.Rg7xc7 Rf8xf6
25.Rc7xc8 Rf6f8
26.Re1xe8 Rf8xe8
27.Rc8xe8 Kg7
28.Re8e7 Kf6
29.Re7xb7 Ke5
30.Rb7xb4 Kd4
31.a4 Kc5
32.Rb4b8 Kd4
33.a5 h5
34.a6 g4
35.a7 { resign }
1-0

[Event "Tourn. n9697"]
[Site "www.chess-mail.com"]
[Date "2018.03.12"]
[Round "1"]
[White "Francesco"]
[Black "Mitja"]
[WhiteElo "2050"]
[BlackElo "2020"]
[Result "0-1"]
[Round "1"]
1.e4 d5
2.exd5 Qd8xd5
3.c4 Qd5d8
4.d4 c6
5.Nb1c3 e6
6.Ng1f3 h6
7.Bf1d3 Ng8f6
8.O-O Bf8e7
9.Rf1e1 b6
10.Bc1f4 Bc8b7
11.Bd3c2 Be7d6
12.Bf4xd6 Qd8xd6
13.Nf3e5 Nb8d7
14.f4 Rh8f8
15.f5 O-O-O
16.fxe6 Nd7xe5
17.dxe5 Qd6xe6
18.Qd1e2 Nf6d7
19.Ra1d1 Rf8e8
20.g4 g6
21.Rd1d6 Qe6xe5
22.Qe2xe5 Re8xe5
23.Re1xe5 Nd7xe5
24.Rd6xd8 Kxd8
25.h3 Ne5xc4
26.b3 Nc4e3
27.Bc2e4 Ne3d5
28.Nc3e2 g5
29.Kf2 f6
30.Ne2d4 Ke7
31.Ke2 c5
32.Nd4f5 Ke6
33.Kd3 Nd5f4
34.Ke3 Bb7xe4
35.Kxe4 Nf4xh3
36.Nf5xh6 a5
37.Nh6f5 Nh3f2
38.Kf3 Nf2d3
39.Ke3 Nd3c1
{ resign }
0-1

[Event "Match"]
[Site "www.echecsemail.com"]
[Date "2018.03.12"]
[Round "1"]
[White "Reda"]
[Black "Dussek"]
[WhiteElo "1499"]
[BlackElo "1730"]
[Result "0-1"]
[Round "1"]
1.d4 d5
2.Bc1f4 Ng8f6
3.Nb1c3 c6
4.Ng1f3 Bc8f5
5.e3 e6
6.Bf1d3 Bf5g4
7.h3 Bg4h5
8.O-O Bf8b4
9.Nc3e2 Bh5xf3
10.gxf3 O-O
11.c3 Bb4a5
12.Kg2 Nf6h5
13.Bf4h2 Ba5c7
14.f4 Nb8d7
15.Rf1g1 g6
16.Kf1 Qd8h4
17.f5 Qh4xh3
18.Ke1 Bc7xh2
19.Rg1h1 Qh3g2
20.Rh1f1 exf5
21.c4 Nd7f6
22.Qd1d2 Nf6e4
23.cxd5 Ne4xd2
24.Kxd2 Qg2xd5
25.Ne2c3 Qd5d7
26.Nc3a4 Rf8e8
27.Na4c5 Qd7c7
28.f4 b6
29.Nc5b3 Qc7e7
30.Ra1e1 Nh5xf4
31.exf4 Qe7b4
{ resign }
0-1

[Event "Match"]
[Site "www.echecsemail.com"]
[Date "2018.03.12"]
[Round "1"]
[White "Gidi5"]
[Black "Liencam2"]
[WhiteElo "2260"]
[BlackElo "2290"]
[Result "1/2-1/2"]
[Round "1"]
1.e4 c5
2.Ng1f3 e6
3.Nb1c3 a6
4.d4 cxd4
5.Nf3xd4 b5
6.a3 Bc8b7
7.Bf1e2 d6
8.O-O Ng8f6
9.Bc1g5 Bf8e7
10.Be2f3 Nb8d7
11.Bg5xf6 Nd7xf6
12.Qd1e2 Qd8b6
13.Rf1d1 O-O
14.b4 Ra8c8
15.Qe2d2 Rf8d8
16.a4 Qb6c7
17.Ra1a3 d5
18.e5 Nf6d7
19.Nc3xb5 { draw }
1/2-1/2

[Event "Match"]
[Site "www.echecsemail.com"]
[Date "2018.03.12"]
[Round "1"]
[White "Bojan"]
[Black "Mitja"]
[WhiteElo "1930"]
[BlackElo "1970"]
[Result "1-0"]
[Round "1"]
1.b4 e6
2.a3 Qd8f6
3.Nb1c3 d5
4.Ra1a2 c6
5.Bc1b2 Qf6e7
6.Ng1f3 h6
7.e4 dxe4
8.Nc3xe4 Nb8d7
9.d4 Nd7f6
10.Nf3d2 Nf6xe4
11.Nd2xe4 Ng8f6
12.Ne4xf6 Qe7xf6
13.d5 Qf6e7
14.dxc6 bxc6
15.Bf1d3 Bc8b7
16.Qd1g4 Qe7g5
17.Qg4xg5 hxg5
18.Bd3e4 f5
19.Be4d3 Kf7
20.f3 a6
21.O-O Bf8d6
22.h3 c5
23.c3 cxb4
24.axb4 Bd6e5
25.Rf1e1 Be5g3
26.Re1e2 Ra8d8
27.Re2d2 Bg3f4
28.Rd2d1 Bf4g3
29.Kf1 Bb7d5
30.Ra2a1 Bd5b3
31.Bd3e2 Bb3xd1
32.Be2xd1 Rd8d2
33.Bb2a3 Rh8d8
34.Bd1e2 Rd2c2
35.f4 gxf4
36.Be2xa6 Rd8d2
37.Ba6b7 e5
38.b5 Rd2f2
39.Kg1 e4
40.Bb7d5 Kg6
41.Ba3c5 Rf2xg2
42.Kf1 f3
43.c4 f2
44.Kxg2 { resign }
1-0

[Event "Match"]
[Site "www.echecsemail.com"]
[Date "2018.03.12"]
[Round "1"]
[White "Leosimal"]
[Black "Gimmyg"]
[WhiteElo "1809"]
[BlackElo "2530"]
[Result "1-0"]
[Round "1"]
1.d4 e6
2.c4 b6
3.e4 Bc8b7
4.Bf1d3 f5
5.exf5 Bb7xg2
6.Qd1h5 g6
7.fxg6 Bf8g7
8.gxh7 Kf8
9.Ng1e2 Ng8f6
10.Qh5h4 Bg2xh1
11.Bc1g5 Nb8c6
12.Nb1d2 b5
13.Ne2f4 bxc4
14.Nd2xc4 Nc6xd4
15.Nf4g6 Ke8
16.Qh4xd4 Rh8xh7
17.Ng6e5 Rh7h3
18.O-O-O Rh3xd3
19.Qd4xd3 Bh1e4
20.Qd3e2 d5
21.Ne5c6 { resign }
1-0

[Event "Match"]
[Site "www.echecsemail.com"]
[Date "2018.03.12"]
[Round "1"]
[White "Sefj"]
[Black "Add"]
[WhiteElo "2130"]
[BlackElo "2170"]
[Result "0-1"]
[Round "1"]
1.Ng1f3 d5
2.e4 dxe4
3.Nf3g5 Ng8f6
4.Bf1c4 e6
5.c3 h6
6.Ng5h3 a6
7.O-O b5
8.Bc4e2 Bc8b7
9.c4 bxc4
10.Be2xc4 Nb8d7
11.a3 Nd7b6
12.Bc4a2 Bf8d6
13.Nb1c3 c5
14.Qd1e2 Qd8c7
15.g3 Qc7c6
16.f3 exf3
17.Qe2f2 Nf6g4
18.Qf2xf3 Qc6xf3
19.Rf1xf3 Bb7xf3
20.d3 O-O
21.Bc1f4 e5
22.Bf4d2 Kh8
23.Ra1f1 Bf3c6
24.Rf1xf7 Rf8xf7
25.Ba2xf7 Bc6d7
26.Nc3e4 Bd6e7
27.Bd2a5 Ra8b8
28.b3 Bd7b5
29.Ne4f2 Ng4f6
30.Ba5c3 Be7d6
31.a4 Bb5c6
32.Bf7g6 Bc6d5
33.Bg6f5 Bd5xb3
34.Nf2e4 Nf6xe4
35.Bf5xe4 Bb3xa4
36.Kg2 c4
37.dxc4 Nb6xc4
{ resign }
0-1

[Event "Match"]
[Site "www.echecsemail.com"]
[Date "2018.03.12"]
[Round "1"]
[White "Sefj"]
[Black "Hundegana"]
[WhiteElo "1809"]
[BlackElo "2030"]
[Result "0-1"]
[Round "1"]
1.e4 c5
2.Ng1f3 g6
3.d4 e6
4.d5 Bf8g7
5.dxe6 fxe6
6.e5 Ng8e7
7.Bc1g5 h6
8.Bg5h4 g5
9.Bh4xg5 hxg5
10.Nf3xg5 Ne7f5
11.f4 Qd8a5
12.Nb1c3 Nf5e3
13.Qd1d2 Ne3xf1
14.Kxf1 Nb8c6
15.Ng5e4 b6
16.Ne4d6 Kd8
17.Nd6f7 Kc7
18.Nf7xh8 Bg7xh8
19.h4 Nc6d4
20.a3 Bc8a6
21.Kf2 Ba6b7
22.b4 Qa5a6
23.bxc5 bxc5
24.a4 Ra8g8
25.Nc3b5 Nd4xb5
26.axb5 Qa6xb5
27.Ra1xa7 c4
28.Rh1a1 Rg8xg2
29.Ke3 Rg2xd2
30.Kxd2 Qb5b4
31.Kd1 c3
32.Ra1a4 Qb4b1
33.Ke2 Qb1xc2
34.Ke3 Qc2d2
{ resign }
0-1

[Event "Match"]
[Site "www.echecsemail.com"]
[Date "2018.03.12"]
[Round "1"]
[White "Sefj"]
[Black "Pwain"]
[WhiteElo "1809"]
[BlackElo "2520"]
[Result "0-1"]
[Round "1"]
1.Ng1f3 d5
2.e4 dxe4
3.Nf3g5 e5
4.d4 exd3
5.Bf1xd3 Bf8e7
6.Ng5xh7 g6
7.Bd3b5 c6
8.Qd1xd8 Be7xd8
9.Bb5c4 Rh8xh7
10.O-O Bc8f5
11.Bc1e3 Nb8d7
12.Nb1a3 Bd8b6
13.Be3xb6 axb6
14.Rf1e1 O-O-O
15.Ra1d1 Ng8f6
16.Rd1d6 Nf6e4
17.Rd6d1 b5
18.Bc4xb5 cxb5
19.Na3xb5 Ne4f6
20.Nb5d6 Kb8
21.Re1e3 Nd7c5
22.Re3xe5 Nc5e4
23.f3 Rd8xd6
24.Rd1xd6 Ne4xd6
25.c3 Nd6c4
26.Re5b5 Rh7h8
{ resign }
0-1

[Event "Match"]
[Site "www.echecsemail.com"]
[Date "2018.03.12"]
[Round "1"]
[White "Scruffy"]
[Black "Cal"]
[WhiteElo "1299"]
[BlackElo "1470"]
[Result "1-0"]
[Round "1"]
1.c4 e5
2.Nb1c3 Ng8f6
3.Ng1f3 Bf8b4
4.Nf3xe5 d6
5.Qd1a4 c6
6.Ne5xf7 Kxf7
7.Qa4xb4 Nb8a6
8.Qb4b3 Na6c5
9.Qb3c2 Bc8e6
10.d3 h6
11.d4 Nc5a6
12.e4 Be6g4
13.Qc2b3 Qd8e7
14.c5 d5
15.e5 Rh8e8
16.Bf1d3 Na6b8
17.Qb3c2 Nb8d7
18.Bd3g6 Kg8
19.Bg6xe8 Nf6xe8
20.O-O b6
21.Qc2g6 Bg4e6
22.b4 Be6f7
23.Qg6xc6 bxc5
24.Qc6xa8 g6
25.Nc3xd5 Bf7xd5
26.Qa8xd5 Kg7
27.bxc5 Ne8c7
28.Qd5d6 Qe7d8
29.e6 Nc7xe6
30.Qd6xe6 Nd7f6
31.Ra1b1 Qd8xd4
32.Rb1b7 Kf8
33.Qe6f7 { resign }
1-0

[Event "Match"]
[Site "www.echecsemail.com"]
[Date "2018.03.12"]
[Round "1"]
[White "Comrade"]
[Black "Gidi5"]
[WhiteElo "2290"]
[BlackElo "2260"]
[Result "1/2-1/2"]
[Round "1"]
1.c4 Ng8f6
2.Nb1c3 e6
3.d4 Bf8b4
4.Bc1g5 c5
5.a3 Bb4xc3
6.bxc3 Qd8a5
7.Qd1c2 Nf6e4
8.Bg5d2 Ne4xd2
9.Qc2xd2 cxd4
10.cxd4 Qa5xd2
11.Kxd2 Nb8c6
12.e3 Nc6a5
13.Ra1b1 b6
14.Ng1f3 O-O
15.Bf1d3 Bc8a6
16.Rh1c1 Rf8c8
17.Rb1b4 d5
18.c5 Ba6xd3
19.Kxd3 Na5c4
20.Nf3d2 bxc5
21.dxc5 Rc8xc5
22.Nd2xc4 dxc4
23.Rb4xc4 Ra8d8
24.Ke2 Rc5d5
25.Rc4d4 Kf8
{ draw }
1/2-1/2

[Event "1/128 Finale"]
[Site "www.chess-mail.com"]
[Date "2018.03.12"]
[Round "1"]
[White "Bojan"]
[Black "Mitja"]
[WhiteElo "1930"]
[BlackElo "1970"]
[Result "1-0"]
[Round "1"]
1.c4 d5
2.cxd5 Qd8xd5
3.Nb1c3 Qd5d8
4.e4 e6
5.Ng1f3 c6
6.d4 b6
7.d5 exd5
8.exd5 cxd5
9.Qd1xd5 Qd8xd5
10.Nc3xd5 Bf8d6
11.Bf1c4 Bc8b7
12.O-O Nb8c6
13.Rf1e1 Ng8e7
14.Nf3g5 O-O
15.Ng5e4 Ra8d8
16.Ne4xd6 Rd8xd6
17.Nd5xe7 Nc6xe7
18.b3 Rd6g6
19.g3 Ne7c8
20.Bc1b2 Rf8d8
21.Bb2c3 Rg6d6
22.Bc3e5 Rd6d7
23.f4 h6
24.Re1e2 Bb7d5
25.Bc4b5 Bd5f3
26.Re2e3 Rd7d1
27.Ra1xd1 Rd8xd1
28.Kf2 Bf3g4
29.a4 Nc8d6
30.Bb5d3 Nd6f5
31.Bd3xf5 Bg4xf5
32.Be5b8 Rd1d2
33.Kg1 Bf5h3
34.Bb8xa7 Rd2g2
35.Kh1 Rg2b2
36.Kg1 Rb2g2
37.Kf1 Rg2xg3
38.Kf2 Rg3g2
39.Kf3 Rg2xh2
40.Kg3 Rh2h1
41.Ba7xb6 Bh3e6
42.b4 Rh1b1
43.Bb6c5 Be6d7
44.a5 Bd7b5
45.Re3e7 Rb1b3
46.Kf2 Rb3b2
47.Ke1 g6
48.Re7b7 Bb5c4
49.Rb7b8 Kg7
50.Bc5d4 { resign }
1-0

[Event "Fast Game"]
[Site "www.echecsemail.com"]
[Date "2018.03.12"]
[Round "1"]
[White "Stevep84"]
[Black "Apdash"]
[WhiteElo "1990"]
[BlackElo "2070"]
[Result "1-0"]
[Round "1"]
1.e4 e5
2.Ng1f3 Nb8c6
3.Bf1b5 Ng8e7
4.O-O g6
5.Nb1c3 Bf8g7
6.d4 Nc6xd4
7.Nf3xd4 exd4
8.Nc3d5 c6
9.Nd5xe7 Qd8xe7
10.Bb5c4 O-O
11.Rf1e1 b5
12.Bc4b3 Bc8b7
13.Bc1f4 c5
14.Bb3d5 Bb7xd5
15.exd5 Qe7h4
16.Qd1d2 Qh4h5
17.d6 Rf8e8
18.Qd2a5 Qh5f5
19.Bf4g3 Bg7e5
20.Qa5xb5 Be5xg3
21.fxg3 Re8e3
22.Re1f1 Qf5xc2
23.Qb5xd7 Ra8f8
24.Qd7c7 Re3e2
25.Qc7b7 Qc2xb2
26.Qb7d5 d3
27.d7 Kg7
28.Qd5f3 Qb2d4
29.Kh1 Qd4xd7
30.Rf1d1 c4
31.Qf3xe2 Rf8e8
32.Qe2b2 Kg8
33.Qb2c3 Qd7d5
34.Rd1e1 Re8c8
35.h3 a5
36.Re1e5 Qd5d7
37.Re5xa5 Qd7c7
38.Kh2 f5
39.Ra1f1 Rc8e8
40.Rf1f4 Re8e4
41.Ra5a8 Kf7
42.Ra8h8 Ke6
43.Rh8e8 Kd5
44.Rf4xe4 fxe4
45.Qc3e1 Kd4
46.Re8xe4 Kd5
47.Qe1e3 Qc7g7
48.Re4e8 h5
49.Qe3e4 Kc5
50.Re8c8 { resign }
1-0

[Event "Fast Game"]
[Site "www.echecsemail.com"]
[Date "2018.03.12"]
[Round "1"]
[White "Picifarkinca"]
[Black "Fabos12"]
[WhiteElo "1850"]
[BlackElo "1780"]
[Result "1-0"]
[Round "1"]
1.e4 e6
2.d4 d5
3.Nb1d2 c5
4.c3 Nb8c6
5.Ng1e2 cxd4
6.Ne2xd4 Nc6xd4
7.cxd4 Bc8d7
8.Bf1d3 Qd8b6
9.Nd2b3 Bf8b4
10.Bc1d2 Ng8f6
11.e5 Nf6e4
12.O-O Ne4xd2
13.Nb3xd2 O-O
14.Nd2f3 h6
15.a3 Bb4e7
16.b4 a6
17.Ra1c1 Rf8c8
18.Qd1d2 g5
19.Bd3b1 Bd7b5
20.Rc1xc8 Ra8xc8
21.Rf1c1 Rc8xc1
{ time. }
1-0

[Event "Fast Game"]
[Site "www.echecsemail.com"]
[Date "2018.03.12"]
[Round "1"]
[White "Attatroll"]
[Black "Sefj"]
[WhiteElo "1740"]
[BlackElo "1599"]
[Result "0-1"]
[Round "1"]
1.e4 e5
2.Ng1f3 Nb8c6
3.d4 d5
4.dxe5 dxe4
5.Qd1xd8 Nc6xd8
6.Nf3g5 Bc8f5
7.Bc1f4 c6
8.Bf1c4 h6
9.Ng5h3 e3
10.Bf4xe3 Bf5xc2
11.Nb1c3 Bf8b4
12.O-O b5
13.Bc4b3 Bc2f5
14.Nh3f4 Ng8e7
15.Nf4h5 O-O
16.Nc3e2 Ne7g6
17.Ne2g3 Bf5e6
18.Bb3xe6 fxe6
19.a3 Bb4a5
20.b4 Ba5c7
21.f4 Ng6e7
22.Be3c5 Bc7b6
23.Bc5xb6 axb6
24.Ng3e4 Ne7f5
25.Rf1f3 Nf5d4
26.Rf3d3 Nd4e2
27.Kf2 Ne2xf4
28.Nh5xf4 Rf8xf4
29.Ke3 Rf4f5
30.Ne4d6 Rf5xe5
31.Kd4 Re5d5
32.Ke4 Ra8a7
33.Ra1d1 g5
34.Nd6c8 Ra7f7
35.Nc8xb6 Rf7f4
36.Ke3 Rd5e5
37.Kd2 Rf4f2
38.Kc1 Nd8f7
39.Nb6d7 Re5d5
40.Rd3xd5 exd5
41.Rd1d2 Rf2xd2
42.Kxd2 Nf7d6
43.Nd7e5 Nd6c4
44.Ne5xc4 dxc4
45.Kc3 Kf7
46.a4 bxa4
47.Kxc4 Ke6
48.Kc3 Kd5
49.Kb2 Kc4
50.Ka3 Kb5
51.g4 c5
52.bxc5 Kxc5
53.Kxa4 Kd4
54.Kb4 Ke5
55.Kc3 Kf4
56.Kd3 Kxg4
57.Ke4 Kh4
{ resign }
0-1

[Event "Fast Game"]
[Site "www.echecsemail.com"]
[Date "2018.03.12"]
[Round "1"]
[White "Sefj"]
[Black "Pforjan"]
[WhiteElo "1719"]
[BlackElo "1599"]
[Result "0-1"]
[Round "1"]
1.b4 d5
2.c4 c6
3.cxd5 cxd5
4.e3 Ng8f6
5.Bf1b5 Bc8d7
6.Bb5xd7 Nb8xd7
7.Nb1c3 e5
8.a3 Bf8d6
9.Bc1b2 O-O
10.Ng1e2 d4
11.exd4 exd4
12.Ne2xd4 Rf8e8
13.Nc3e2 Nf6g4
14.Nd4f5 Nd7e5
15.Bb2xe5 Bd6xe5
16.Ra1b1 Qd8f6
17.Qd1c2 Be5d4
18.f3 Ng4f2
19.Rh1f1 Ra8c8
20.Qc2xc8 Nf2d3
21.Kd1 Re8xc8
22.Ne2xd4 g6
23.Nf5h6 Kg7
24.Nd4f5 gxf5
25.Nh6xf5 Qf6xf5
26.g4 Qf5e5
27.h4 Nd3b2
{ resign }
0-1

[Event "Tourn. n9680"]
[Site "www.chess-mail.com"]
[Date "2018.03.13"]
[Round "1"]
[White "Sahlapalat"]
[Black "Attatroll"]
[WhiteElo "2090"]
[BlackElo "1910"]
[Result "1-0"]
[Round "1"]
1.d4 e5
2.dxe5 Nb8c6
3.Ng1f3 Qd8e7
4.g3 Nc6xe5
5.Bf1g2 Ng8f6
6.O-O d6
7.Nb1c3 Bc8e6
8.Nf3xe5 dxe5
9.Bg2xb7 Ra8b8
10.Bb7c6 Be6d7
11.Bc6xd7 Nf6xd7
12.Nc3d5 Qe7c5
13.Bc1e3 Qc5d6
14.Be3xa7 Rb8b5
15.c4 Rb5xb2
16.a4 Bf8e7
17.a5 O-O
18.e4 Nd7c5
19.Nd5xe7 Kh8
20.Qd1xd6 cxd6
21.Ba7xc5 dxc5
22.a6 Rf8a8
23.Rf1d1 h6
24.Ne7c6 Rb2b6
25.Nc6xe5 Rb6xa6
26.Ra1xa6 Ra8xa6
27.Ne5xf7 Kg8
28.Nf7e5 { resign }
1-0

[Event "Tourn. n9727"]
[Site "www.chess-mail.com"]
[Date "2018.03.13"]
[Round "1"]
[White "Ditto"]
[Black "Bojan"]
[WhiteElo "1880"]
[BlackElo "1930"]
[Result "0-1"]
[Round "1"]
1.e4 e5
2.Ng1f3 Nb8c6
3.Bf1c4 Nc6a5
4.Bc4e2 Qd8f6
5.Nb1c3 b6
6.Be2b5 c6
7.Bb5e2 Bf8e7
8.d4 exd4
9.Nf3xd4 Be7c5
10.Bc1e3 a6
11.Nd4f5 Bc5xe3
12.Nf5xe3 d6
13.Qd1d2 Na5b7
14.Be2f3 Ng8e7
15.O-O O-O
16.b4 Ne7g6
17.Ne3c4 Ng6e5
18.Nc4xb6 Ne5xf3
19.gxf3 Bc8h3
20.Rf1e1 Qf6g6
{ resign }
0-1

[Event "Tourn. n9715"]
[Site "www.chess-mail.com"]
[Date "2018.03.13"]
[Round "1"]
[White "Susov"]
[Black "Begory"]
[WhiteElo "1770"]
[BlackElo "1630"]
[Result "1-0"]
[Round "1"]
1.e4 e5
2.Ng1f3 Nb8c6
3.Bf1c4 h6
4.d4 exd4
5.Nf3xd4 Nc6xd4
6.Qd1xd4 Qd8f6
7.e5 Qf6b6
8.Qd4xb6 axb6
9.Nb1c3 Bf8b4
10.Bc1d2 c6
11.O-O-O b5
12.Bc4b3 Ng8e7
13.a3 Bb4c5
14.Bd2e3 Bc5xe3
15.fxe3 O-O
16.Rh1f1 d6
17.exd6 Ne7d5
18.Nc3xd5 cxd5
19.Bb3xd5  { time }
1-0

[Event "Tourn. n9719"]
[Site "www.chess-mail.com"]
[Date "2018.03.13"]
[Round "1"]
[White "Begory"]
[Black "Julian"]
[WhiteElo "1590"]
[BlackElo "1780"]
[Result "0-1"]
[Round "1"]
1.d4 d5
2.c4 e6
3.cxd5 exd5
4.Nb1c3 Ng8f6
5.Bc1f4 Bf8d6
6.Bf4xd6 Qd8xd6
7.e3 O-O
8.Bf1d3 c6
9.Ng1f3 Bc8g4
10.h3 Bg4h5
11.O-O Nb8d7
12.Bd3e2 Nf6e4
13.Nc3xe4 dxe4
14.Nf3d2 Bh5xe2
 { time }
0-1

[Event "Tourn. n9732"]
[Site "www.chess-mail.com"]
[Date "2018.03.13"]
[Round "1"]
[White "Apdash"]
[Black "Piekki"]
[WhiteElo "2170"]
[BlackElo "2200"]
[Result "1-0"]
[Round "1"]
1.e4 c6
2.d4 d5
3.exd5 cxd5
4.Ng1f3 Nb8c6
5.c4 Ng8f6
6.Nb1c3 Bc8g4
7.cxd5 Nf6xd5
8.Bf1e2 g6
9.Nc3xd5 Qd8xd5
10.Bc1e3 Bf8g7
11.h3 Bg4f5
12.Qd1a4 O-O
13.O-O a6
14.Be2c4 Qd5d7
15.Qa4d1 Nc6b4
16.Ra1c1 b5
17.Bc4b3 Nb4d3
18.Rc1c3 Nd3xb2
19.Qd1d2 b4
20.Rc3c5 Nb2a4
21.Rc5a5 Na4c3
22.Nf3h4 Bf5e6
23.d5 Qd7c7
24.Ra5c5 { resign }
1-0

[Event "Tourn. n9738"]
[Site "www.chess-mail.com"]
[Date "2018.03.13"]
[Round "1"]
[White "Reda"]
[Black "Vasylpuzanov"]
[WhiteElo "1499"]
[BlackElo "1370"]
[Result "1-0"]
[Round "1"]
1.d4 Ng8f6
2.Bc1f4 d5
3.Nb1c3 Bc8f5
4.Nc3b5 Nb8a6
5.e3 c6
6.Nb5c3 e6
7.Bf1xa6  { time }
1-0

[Event "Tourn. n9701"]
[Site "www.chess-mail.com"]
[Date "2018.03.13"]
[Round "1"]
[White "Osopanda"]
[Black "Dussek"]
[WhiteElo "1800"]
[BlackElo "1800"]
[Result "0-1"]
[Round "1"]
1.e4 e6
2.d4 d5
3.e5 c5
4.c3 Nb8c6
5.Ng1f3 Qd8b6
6.Bf1e2 Ng8e7
7.b3 Ne7f5
8.Bc1b2 Bc8d7
9.Nb1d2 cxd4
10.cxd4 Nf5xd4
11.Nf3xd4 Nc6xd4
12.Be2d3 Bf8b4
13.O-O O-O
14.Nd2f3 Nd4xf3
15.Qd1xf3 Ra8c8
16.Ra1c1 a6
17.Qf3h5 g6
18.Qh5h4 Bb4d2
19.Rc1xc8 Rf8xc8
20.Qh4f6 Bd2h6
21.g4 Bh6g7
22.Qf6e7 Qb6d8
23.Qe7xd8 Rc8xd8
24.Rf1c1 Bd7c6
25.f4 Bg7h6
26.Rc1f1 Rd8c8
27.f5 Bh6e3
28.Kg2 d4
29.Kg3 Rc8f8
30.h4 Bc6d7
31.fxg6 hxg6
32.h5 gxh5
33.gxh5 Kh8
34.Rf1f6 Rf8g8
35.Kf3 Kg7
36.h6 Be3xh6
37.Bb2xd4 Bd7c6
38.Kf2 Bh6g5
{ resign }
0-1

[Event "Tourn. n9682"]
[Site "www.chess-mail.com"]
[Date "2018.03.13"]
[Round "1"]
[White "Piriot"]
[Black "Ssharp"]
[WhiteElo "2500"]
[BlackElo "2300"]
[Result "1-0"]
[Round "1"]
1.Ng1f3 d5
2.d4 Ng8f6
3.c4 e6
4.Nb1c3 Nb8d7
5.Bc1g5 c6
6.e3 Qd8a5
7.Nf3d2 Bf8b4
8.Qd1c2 h6
9.Bg5h4 O-O
10.Bf1e2 dxc4
11.Nd2xc4 Bb4xc3
12.bxc3 Qa5c7
13.O-O b5
14.Bh4g3 Qc7d8
15.Nc4d6 Nd7b6
16.Be2f3 Qd8d7
17.Nd6xb5 a6
18.Nb5d6 Nf6e8
19.Nd6e4 Ne8f6
20.Ne4xf6 gxf6
21.Bg3f4 Kg7
22.c4 Bc8b7
23.Ra1b1 Nb6c8
24.Qc2b2 Ra8a7
25.Bf4b8 { resign }
1-0

[Event "Tourn. n9667"]
[Site "www.chess-mail.com"]
[Date "2018.03.13"]
[Round "1"]
[White "Fabos12"]
[Black "Apdash"]
[WhiteElo "2010"]
[BlackElo "2250"]
[Result "0-1"]
[Round "1"]
1.d4 d5
2.Ng1f3 Ng8f6
3.Bc1f4 e6
4.h3 Bf8d6
5.Bf4xd6 Qd8xd6
6.a3 Nb8d7
7.Nb1c3 Qd6b6
8.Ra1b1 c5
9.e3 cxd4
10.Nf3xd4 a6
11.Bf1d3 Nd7c5
12.Bd3e2 Bc8d7
13.b4 Nc5e4
14.Nc3xe4 Nf6xe4
15.Qd1d3 Ra8c8
16.b5 e5
17.Nd4f3 Qb6a5
18.Kf1 Bd7xb5
19.Qd3b3 Bb5xe2
20.Kxe2 Ne4c3
21.Kf1 O-O
22.Rb1c1 Qa5c7
23.g3 Kh8
24.Kg2 f5
25.Nf3d2 f4
26.Rc1e1 fxg3
27.fxg3 d4
28.exd4 exd4
29.Rh1f1 Qc7c6
30.Kh2 Rf8xf1
31.Nd2xf1 Qc6f3
32.Qb3e6 Rc8f8
33.Kg1 Qf3f2
34.Kh1 Qf2xc2
35.Qe6e8 Qc2f2
36.Qe8e7 d3
37.Qe7e5 Nc3e2
38.Re1d1 Qf2g1

0-1

[Event "Tourn. n9694"]
[Site "www.chess-mail.com"]
[Date "2018.03.13"]
[Round "1"]
[White "Paulsyd"]
[Black "Destructor"]
[WhiteElo "2450"]
[BlackElo "2579"]
[Result "1-0"]
[Round "1"]
1.e4 c5
2.Ng1f3 Nb8c6
3.d4 cxd4
4.Nf3xd4 Ng8f6
5.Nb1c3 e5
6.Nd4b5 d6
7.Bc1g5 a6
8.Nb5a3 b5
9.Nc3d5 Bf8e7
10.Bg5xf6 Be7xf6
11.c3 Bf6g5
12.Na3c2 Ra8b8
13.a4 bxa4
14.Nc2b4 Nc6xb4
15.Nd5xb4 Bc8d7
16.Bf1xa6 Qd8a5
17.Qd1xd6 Rb8b6
18.Qd6d3 Bg5e7
19.Nb4d5 Rb6xb2
20.O-O Qa5c5
21.c4 O-O
22.Ba6b5 Bd7xb5
23.cxb5 Be7d8
24.Ra1xa4 Qc5xb5
25.Qd3xb5 Rb2xb5
26.g3  { time }
1-0

[Event "Match"]
[Site "www.echecsemail.com"]
[Date "2018.03.13"]
[Round "1"]
[White "Eulero76"]
[Black "Fegatux"]
[WhiteElo "2000"]
[BlackElo "1499"]
[Result "1-0"]
[Round "1"]
1.c4 e5
2.g3 d6
3.Bf1g2 f5
4.d4 e4
5.f3 Ng8f6
6.Nb1c3 exf3
7.exf3 Bf8e7
8.Ng1h3 O-O
9.O-O Bc8d7
10.Rf1e1 c6
11.Qd1b3 b6
12.Nh3f4 g5
13.c5 d5
14.Nf4d3 h6
15.Nd3e5 Kg7
16.Nc3a4 bxc5
17.Qb3b7 Qd8a5
18.Ne5d3 Qa5xa4
19.Re1xe7 Kg8
20.Qb7xa8 Qa4d1
21.Bg2f1 f4
22.Nd3f2 Qd1xd4
23.gxf4 gxf4
24.Qa8xa7 Kh8
25.Bf1e2 Rf8g8
26.Kf1 Bd7f5
27.Qa7c7 Nf6h5
28.Nf2g4 c4
29.Qc7d6 Nh5f6
30.Qd6xf6 Qd4xf6
31.Ng4xf6 { resign }
1-0

[Event "Match"]
[Site "www.echecsemail.com"]
[Date "2018.03.13"]
[Round "1"]
[White "Muderfuger"]
[Black "Ditto"]
[WhiteElo "1640"]
[BlackElo "1880"]
[Result "0-1"]
[Round "1"]
1.e4 e5
2.Ng1h3 Nb8c6
3.Nb1c3 Bf8c5
4.Bf1c4 Ng8f6
5.Nh3g5 O-O
6.f4 d6
7.fxe5 Nc6xe5
8.Bc4b5 Nf6g4
9.d4 Qd8f6
10.dxe5 Qf6f2
 { time }
0-1

[Event "Match"]
[Site "www.echecsemail.com"]
[Date "2018.03.13"]
[Round "1"]
[White "Ztornad"]
[Black "Karlgrocer"]
[WhiteElo "1670"]
[BlackElo "2030"]
[Result "0-1"]
[Round "1"]
1.Ng1f3 d5
2.h3 Ng8f6
3.d4 e6
4.Nf3e5 Bf8e7
5.c3 O-O
6.Bc1g5 Nf6d7
7.Bg5xe7 Qd8xe7
8.Ne5f3 b6
9.e3 c5
10.Nf3e5 Nd7xe5
11.dxe5 Nb8c6
12.c4 dxc4
13.Qd1f3 Bc8b7
14.Qf3f4 Qe7c7
15.Nb1c3 Qc7xe5
16.Qf4xc4 Nc6b4
17.O-O-O Nb4d5
18.Qc4e4 Qe5f6
19.Qe4c2 Rf8d8
20.Bf1c4 Nd5xc3
21.Rd1xd8 Ra8xd8
22.bxc3 Bb7xg2
23.Rh1e1 Bg2xh3
24.Bc4f1 Bh3f5
25.Qc2b3 Bf5g6
26.Re1e2 Qf6f3
27.Re2d2 Rd8xd2
28.Kxd2 Qf3xf2
29.Kc1 Qf2xf1
30.Kb2 Qf1b1
31.Ka3 h6
32.c4 Qb1xb3
33.Kxb3 Kf8
34.Ka4 a6
35.Kb3 h5
36.a4 a5
37.Kc3 h4
38.Kd2 Bg6e4
{ resign }
0-1

[Event "Match"]
[Site "www.echecsemail.com"]
[Date "2018.03.13"]
[Round "1"]
[White "Fegatux"]
[Black "Llord"]
[WhiteElo "1499"]
[BlackElo "2020"]
[Result "1-0"]
[Round "1"]
1.d4 d6
2.c4 Nb8c6
3.Ng1f3 e5
4.dxe5 dxe5
5.Qd1xd8 Nc6xd8
6.Nf3xe5 Bc8e6
7.e3 f6
8.Ne5f3 Bf8b4
9.Bc1d2 Bb4xd2
10.Nb1xd2 Nd8c6
11.Bf1e2 O-O-O
12.a3 Ng8e7
13.b4 a6
14.O-O Be6g4
15.Nd2b3 h5
16.Rf1d1 Ne7g6
17.h3 Bg4f5
18.Rd1xd8 Nc6xd8
19.Nf3d4 Bf5e4
20.f3 Be4c6
21.Nb3a5 Rh8e8
22.Na5xc6 Nd8xc6
23.Nd4xc6 bxc6
24.Kf2 h4
25.f4 f5
26.b5 cxb5
27.cxb5 a5
28.Ra1c1 Kb7
29.a4 Kb6
30.Rc1c6 { resign }
1-0

[Event "Match"]
[Site "www.echecsemail.com"]
[Date "2018.03.13"]
[Round "1"]
[White "Bjonil60"]
[Black "Orae"]
[WhiteElo "1460"]
[BlackElo "1760"]
[Result "1/2-1/2"]
[Round "1"]
1.e4 e5
2.Nb1c3 Bf8c5
3.a3 Qd8f6
4.Ng1f3 c6
5.Qd1e2 b5
6.d3 d6
7.b4 Bc5d4
8.Nf3xd4 exd4
9.Nc3a2 Bc8e6
10.f3 Ng8e7
11.g3 Qf6g6
12.g4 Nb8d7
13.c3 Be6xa2
14.Ra1xa2 Nd7b6
15.cxd4 Nb6a4
16.Bc1d2 h5
17.Bf1h3 hxg4
18.Bh3xg4 f6
19.f4 Qg6f7
20.f5 Qf7xa2
21.Kf2 Qa2xa3
22.Qe2d1 Na4b2
23.Qd1c2 Nb2xd3
24.Ke2 Nd3xb4
25.Bd2xb4 Qa3xb4
26.Ke3 Qb4a3
27.Kf4 g5
28.fxg6 Ne7xg6
29.Kf5 Kf7
30.h3 Ng6h4
31.Kf4 Nh4g6
32.Kf5 Ng6e7
33.Kf4 Ne7g6
34.Kf5 Ng6e7
35.Kf4 Ne7g6
36.Kf5 Ng6h4
37.Kf4 Nh4g6
38.Kf5 Ng6h4
39.Kf4 Nh4g6
40.Kf5 Ng6e7
41.Kf4 a5
42.Bg4d7 Rh8h4

1/2-1/2

[Event "Match"]
[Site "www.echecsemail.com"]
[Date "2018.03.13"]
[Round "1"]
[White "Dussek"]
[Black "Apdash"]
[WhiteElo "1820"]
[BlackElo "2260"]
[Result "0-1"]
[Round "1"]
1.d4 d5
2.Bc1f4 Ng8f6
3.e3 e6
4.Nb1d2 c5
5.c3 Nb8c6
6.Ng1f3 Bf8e7
7.Bf1d3 Be7d6
8.Bf4xd6 Qd8xd6
9.h3 O-O
10.Qd1c2 c4
11.Bd3e2 b5
12.a3 a5
13.O-O Bc8b7
14.Nf3h2 b4
15.axb4 axb4
16.Nh2g4 Nf6d7
17.Nd2f3 b3
18.Qc2d2 h5
19.Ng4e5 Nc6xe5
20.Nf3xe5 Nd7xe5
21.dxe5 Qd6xe5
22.Qd2d4 Qe5g5
23.f4 Qg5g6
24.Ra1b1 Ra8a6
25.Qd4e5 d4
26.Qe5g5 Qg6xg5
27.fxg5 d3
28.Be2xh5 Bb7e4
29.Rf1f4 Be4d5
30.g6 f5
31.Bh5f3 Bd5xf3
32.gxf3 Rf8c8
33.Kf2 Kf8
34.h4 Ke7
35.h5 Kf6
36.Rb1g1 Ra6a2
37.Rg1b1 Kg5
38.Kg3 Kxh5
39.e4 Kxg6
40.e5 Kf7
41.Kh4 Rc8c5
42.Kg3 Ra2a4
43.Rb1e1 d2
44.Re1d1 g5
45.Rf4d4 Rc5xe5
46.Rd1xd2 Re5e3
47.Kf2 Re3e5
48.Rd4d7 Kf6
49.f4 gxf4
50.Rd7d4 Re5e4
51.Kf3 Ke5
52.Rd2e2 Re4xe2
53.Kxe2 Ra4a2
54.Rd4d2 Kf6
55.Kf3 e5
56.Rd2d6 Kg5
57.Rd6d2 e4
58.Ke2 Kg4
59.Kf1 f3
60.Kf2 f4
{ resign }
0-1

[Event "Match"]
[Site "www.echecsemail.com"]
[Date "2018.03.13"]
[Round "1"]
[White "Gambitmiau"]
[Black "Caspito"]
[WhiteElo "1930"]
[BlackElo "1950"]
[Result "1-0"]
[Round "1"]
1.e4 e5
2.d4 d5
3.exd5 Qd8xd5
4.Nb1c3 Bf8b4
5.Bc1d2 Bb4xc3
6.Bd2xc3 e4
7.Qd1e2 Ng8f6
8.Ng1f3 Bc8g4
9.Qe2e3 O-O
10.Nf3d2 b6
11.Bf1c4 Qd5f5
12.d5 Nf6xd5
13.Bc4xd5 Qf5xd5
14.Qe3g3 f5
15.h3 Bg4h5
16.Qg3xg7 { resign }
1-0